Способ регулирования уровня воды в паросборниках газогенераторов; Газовая промышленность; № 12

書目詳細資料
Parent link:Газовая промышленность: научно-технический и производственный журнал/ Газпром.— , 1956-.— 0016-5581
№ 12.— 1959.— С. 16
主要作者: Андрианов П. А.
其他作者: Кандауров М. М., Егоркин А. Ф.
語言:俄语
出版: 1959
主題:
格式: MixedMaterials Book Chapter
KOHA link:https://koha.lib.tpu.ru/cgi-bin/koha/opac-detail.pl?biblionumber=478270

MARC

LEADER 00000naa2a2200000 4500
001 478270
005 20231101093102.0
035 |a (RuTPU)RU\TPU\prd\145092 
035 |a RU\TPU\tpu\7042 
090 |a 478270 
100 |a 20120629d1959 k y0rusy50 ca 
101 0 |a rus 
102 |a RU 
200 1 |a Способ регулирования уровня воды в паросборниках газогенераторов  |f П. А. Андрианов, М. М. Кандауров, А. Ф. Егоркин 
461 |0 (RuTPU)RU\TPU\prd\1766  |x 0016-5581  |t Газовая промышленность  |o научно-технический и производственный журнал  |f Газпром  |d 1956- 
463 0 |0 (RuTPU)RU\TPU\prd\145091  |t № 12  |v С. 16  |d 1959 
610 1 |a химическая промышленность 
610 1 |a труды учёных ТПУ 
610 1 |a газогенераторы 
700 1 |a Андрианов  |b П. А. 
701 1 |a Кандауров  |b М. М. 
701 1 |a Егоркин  |b А. Ф. 
801 0 |a RU  |b 63413507  |c 20011210  |g PSBO 
801 2 |a RU  |b 63413507  |c 20120629  |g PSBO 
942 |c BK